| 000 | 00773cam a2200241 4500 | ||
|---|---|---|---|
| 001 | WB3622-22 | ||
| 008 | 000000n2000 000 0 eng u | ||
| 035 | _a(Sirsi) u106307 | ||
| 245 | _aAgency sues website over copyright | ||
| 260 | _c2000 | ||
| 490 |
_aFinancial Times _v 6 June 2000, 2(1) |
||
| 520 | _aCountrywide Assured Group is suing Homemovers, a property website, accusing it of copying its database without consent. The test case should clarify the law protecting information online. | ||
| 590 | _aWB | ||
| 650 | _aCOPYRIGHT INFRINGEMENT | ||
| 650 | _aTEST CASE | ||
| 650 | _aESTATE AGENTS | ||
| 650 | _aPROPERTY ADVERTISING | ||
| 650 | _aONLINE INFORMATION | ||
| 650 | _aINTERNET | ||
| 650 | _aPROPERTY LISTINGS | ||
| 690 | _aLAW | ||
| 942 | _n0 | ||
| 999 |
_c63667 _d63667 |
||